000 00649nam a2200229 a 4500
001 13668
003 BD-JhCC
005 20240313194427.0
008 240313b us a|||| ||a| 000 0 eng d
020 _a9780307278180
035 _a(BD-JhCC)13668
040 _aBD-JhCC
_dBD-JhCC
041 _aeng
082 _a970.01
_b MAN 2006
100 _a Mann, Charles C.
245 _a 1491 : New Revelations of the Americas Before Columbus
_bCharles C. Mann
260 _aNew York;
_b Knopf, New York;
_c2006.
300 _a784 p. :
_bill
_c22 cm.
650 _aAmerica
_vAmerica Antiquities
_xAmérique Antiquités
942 _2ddc
_cBK
999 _c13668
_d13668